Skrót państw - Statystyki

Ogólne statystyki
  • Ten quiz został rozwiązany 28 razy
  • Średni wynik to 5 z 5
Statystyki odpowiedzi
Państwa Skrót % Poprawnych
Stany Zjednoczone USA
100%
Demokratyczna Republika Konga DRK
96%
Zjednoczone Emiraty Arabskie ZEA
91%
Związek radziecki ZSRR
91%
Wielka Brytania UK
83%
Nie znaleziono quizów pasujących do podanych kryteriów
Rozkład punktacji
Procent ludzi z każdym wynikiem
Percentyl według liczby udzielonych odpowiedzi
Twoja historia wyników
Nie rozwiązałeś tego quizu